Catalog

Record Details

Catalog Search



Available copies

  • 5 of 8 copies available at LARL/NWRL Consortium.
  • 0 of 1 copy available at Lake Agassiz Regional Library. (Show preferred library)

Current holds

0 current holds with 8 total copies.

Show Only Available Copies
Location Call Number / Copy Notes Barcode Shelving Location Status Due Date
Moorhead Public Library E C (Text) 33500012469706 Main Checked out 07/06/2026
Godel Memorial-Warren Library e CAR (Text) 35500006836397 Main Checked out 07/20/2026
Greenbush Public Library e CAR (Text) 35500006075723 Main Available -
Karlstad LINK Site e CAR (Text) 35500006770935 Main Available -
Red Lake Falls Public Library e CAR (Text) 35500004433551 Main Available -
Warroad Public Library e CAR (Text) 35500006649436 Main Available -
Warroad Public Library e CAR (Text) 35500006826851 Main Available -
Warroad Public Library e CAR (Text) 35500006911547 Main Checked out 07/15/2026

Record details

  • ISBN: 9780399208539
  • ISBN: 0399208534
  • ISBN: 9780399256738
  • ISBN: 9780593561577
  • ISBN: 9780590030298 (Scholastic pbk.)
  • ISBN: 0590030299 (Scholastic pbk.)
  • Physical Description: [28] p. : col. ill. ; 22 x 31 cm.
  • Edition: [Rev.].
  • Publisher: [New York] : Philomel Books, c1987.

Content descriptions

Summary, etc.:
Follows the progress of a hungry little ... Read More
Subject: Caterpillars > Fiction.
Metamorphosis > Juvenile fiction.
Butterflies > Juvenile fiction.
Caterpillars > Juvenile fiction.
LDR 02360cam a2200433Ia 4500
0019038
003LARL_NWRL_CONSORTIUM
00520260112182054.0
008900228s1987 nyua j 000 1 eng d
010 . ‡a79013202
019 . ‡a17742962 ‡a26020671 ‡a26595637 ‡a191731451 ‡a234725355
020 . ‡a9780399208539
020 . ‡a0399208534
020 . ‡a9780399256738
020 . ‡a9780593561577
020 . ‡a9780590030298 (Scholastic pbk.)
020 . ‡a0590030299 (Scholastic pbk.)
035 . ‡a(OCoLC)21134403 ‡z(OCoLC)17742962 ‡z(OCoLC)26020671 ‡z(OCoLC)26595637 ‡z(OCoLC)191731451 ‡z(OCoLC)234725355
040 . ‡aSVP ‡beng ‡cSVP ‡dALM ‡dMLX ‡dJYJ ‡dOCL ‡dDVA ‡dOCLCQ
08204. ‡a813.3
1001 . ‡aCarle, Eric. ‡0(LARL_NWRL_CONSORTIUM)3951
24514. ‡aThe very hungry caterpillar / ‡cby Eric Carle.
250 . ‡a[Rev.].
260 . ‡a[New York] : ‡bPhilomel Books, ‡cc1987.
300 . ‡a[28] p. : ‡bcol. ill. ; ‡c22 x 31 cm.
520 . ‡aFollows the progress of a hungry little caterpillar as he eats his way through a varied and very large quantity of food until, full at last, he forms a cocoon around himself and goes to sleep and wakes up a butterfly.
650 1. ‡aCaterpillars ‡vFiction.
650 0. ‡aMetamorphosis ‡vJuvenile fiction. ‡0(LARL_NWRL_CONSORTIUM)173327
650 0. ‡aButterflies ‡vJuvenile fiction.
650 0. ‡aCaterpillars ‡vJuvenile fiction.
901 . ‡a9038 ‡bOCLC ‡c9038 ‡tbiblio

Additional Resources